Работа лазера на парах меди в режиме пониженного энерговклада в разряд; Известия Томского политехнического университета [Известия ТПУ]; Т. 308, № 6
| Parent link: | Известия Томского политехнического университета [Известия ТПУ]/ Томский политехнический университет (ТПУ).— , 2000- Т. 308, № 6.— 2005.— [С. 66-69] |
|---|---|
| Other Authors: | , , , |
| Summary: | Заглавие с титульного листа Электронная версия печатной публикации Проведены исследования режимов пониженного энерговклада в разряд в лазере на парах чистой меди малой мощности. Показано, что при переключении активного элемента на меньшую рабочую емкость вводимая в разряд мощность существенно уменьшается при относительно малом снижении мощности генерации (по сравнению с обычным режимом работы). Практический КПД лазера возрос в 2,8 раза; физический - в 8,8 раза. |
| Language: | Russian |
| Published: |
2005
|
| Series: | Технические науки |
| Subjects: | |
| Online Access: | http://www.lib.tpu.ru/fulltext/v/Bulletin_TPU/2005/v308/i6/13.pdf |
| Format: | MixedMaterials Electronic Book Chapter |
| KOHA link: | https://koha.lib.tpu.ru/cgi-bin/koha/opac-detail.pl?biblionumber=170812 |
MARC
| LEADER | 00000nla2a2200000 4500 | ||
|---|---|---|---|
| 001 | 170812 | ||
| 005 | 20240209133747.0 | ||
| 035 | |a (RuTPU)RU\TPU\book\185220 | ||
| 035 | |a RU\TPU\book\185186 | ||
| 090 | |a 170812 | ||
| 100 | |a 20091126d2005 k y0rusy50 ca | ||
| 101 | 0 | |a rus | |
| 102 | |a RU | ||
| 135 | |a drnn ---uucaa | ||
| 181 | 0 | |a i | |
| 182 | 0 | |a b | |
| 200 | 1 | |a Работа лазера на парах меди в режиме пониженного энерговклада в разряд |f Ф. А. Губарев [и др.] | |
| 203 | |a Текст |c электронный | ||
| 215 | |a 1 файл (616 Кб) | ||
| 225 | 1 | |a Технические науки | |
| 300 | |a Заглавие с титульного листа | ||
| 300 | |a Электронная версия печатной публикации | ||
| 320 | |a [Библиогр.: с. 69 (7 назв.)] | ||
| 330 | |a Проведены исследования режимов пониженного энерговклада в разряд в лазере на парах чистой меди малой мощности. Показано, что при переключении активного элемента на меньшую рабочую емкость вводимая в разряд мощность существенно уменьшается при относительно малом снижении мощности генерации (по сравнению с обычным режимом работы). Практический КПД лазера возрос в 2,8 раза; физический - в 8,8 раза. | ||
| 337 | |a Adobe Reader | ||
| 461 | 1 | |0 (RuTPU)RU\TPU\book\176237 |t Известия Томского политехнического университета [Известия ТПУ] |f Томский политехнический университет (ТПУ) |d 2000- | |
| 463 | 1 | |0 (RuTPU)RU\TPU\book\185177 |t Т. 308, № 6 |v [С. 66-69] |d 2005 |p 275 с. | |
| 610 | 1 | |a лазеры | |
| 610 | 1 | |a пары | |
| 610 | 1 | |a медь | |
| 610 | 1 | |a разряды | |
| 610 | 1 | |a исследования | |
| 610 | 1 | |a режим пониженного энерговклада | |
| 610 | 1 | |a мощность | |
| 610 | 1 | |a активные элементы | |
| 610 | 1 | |a генерация | |
| 610 | 1 | |a труды учёных ТПУ | |
| 610 | 1 | |a электронный ресурс | |
| 701 | 1 | |a Губарев |b Ф. А. |c специалист в области электроники |c доцент Томского политехнического университета, кандидат физико-математических наук |f 1979- |g Фёдор Александрович |3 (RuTPU)RU\TPU\pers\25668 |9 11579 | |
| 701 | 1 | |a Евтушенко |b Г. С. |c российский специалист в области электрофизики |c профессор Томского политехнического университета, доктор технических наук |f 1947- |g Геннадий Сергеевич |3 (RuTPU)RU\TPU\pers\21960 |9 9279 | |
| 701 | 1 | |a Суханов |b В. Б. |c специалист в области электроники |c инженер Томского политехнического университета |f 1945- |g Виктор Борисович |3 (RuTPU)RU\TPU\pers\31231 | |
| 701 | 1 | |a Федоров |b В. Ф. | |
| 801 | 1 | |a RU |b 63413507 |c 20090623 |g PSBO | |
| 801 | 2 | |a RU |b 63413507 |c 20211013 |g PSBO | |
| 856 | 4 | |u http://www.lib.tpu.ru/fulltext/v/Bulletin_TPU/2005/v308/i6/13.pdf | |
| 942 | |c CF | ||